El pintor Luis de Morales (Record no. 32568)

MARC details
000 -LEADER
campo de control de longitud fija 00626nam a2200193 i 4500
001 - NÚMERO DE CONTROL
campo de control 32568
003 - IDENTIFICADOR DE NÚMERO DE CONTROL
campo de control ES-MaACL
005 - FECHA Y HORA DE LA ÚLTIMA TRANSACCIÓN
campo de control 20250808224536.0
007 - CAMPO FIJO DE DESCRIPCIÓN FÍSICA--INFORMACIÓN GENERAL
campo de control de longitud fija t|
008 - DATOS DE LONGITUD FIJA--INFORMACIÓN GENERAL
campo de control de longitud fija 030131q1922 sp ||||1| spa d
100 1# - ENTRADA PRINCIPAL--NOMBRE DE PERSONA
Nombre de persona Berjano Escobar, Daniel.
9 (RLIN) 28034
245 13 - MENCIÓN DEL TÍTULO
Título El pintor Luis de Morales
Resto del título : (el divino) /
Mención de responsabilidad, etc. por Daniel Berjano Escobar.
260 ## - PUBLICACIÓN, DISTRIBUCIÓN, ETC.
Lugar de publicación, distribución, etc. Madrid :
Nombre del editor, distribuidor, etc. Mateu,
Fecha de publicación, distribución, etc. [1922?]
300 ## - DESCRIPCIÓN FÍSICA
Extensión 150 p., 33 lám. ;
Dimensiones 24 cm.
500 ## - NOTA GENERAL
Nota general (Obra premiada en el 1er concurso del patronato del Museo del Prado)
600 17 - PUNTO DE ACCESO ADICIONAL DE MATERIA--NOMBRE DE PERSONA
Nombre de persona Morales, Luis de,
Fechas asociadas al nombre ca. 1509-1586
Fuente del encabezamiento o término
9 (RLIN) 167351
852 ## - LOCALIZACIÓN
Ubicación ES-MaACL
Número de control de estantería C-1529
Holdings
Estatus retirado Estado de pérdida Estado de daño No para préstamo Biblioteca de origen Biblioteca actual Ubicación en estantería Fecha de adquisición Fuente de adquisición Total de préstamos Signatura topográfica completa Código de barras Visto por última vez Precio de reemplazo Tipo de ítem Koha
        Biblioteca del Ateneo de Madrid Biblioteca del Ateneo de Madrid Sala Palomar 17/01/2008     C-1529 1033759 23/02/2023 23/02/2023 Libro impreso